000 01056nam0a22002771 4500
001 rc\3210518
005 20130115140140.1
021 _aRU
_b76-82019
021 _aRU
_bРг189-77
035 _a(NLR Aleph) 007358596
090 _a6284114
_c6284114
100 _a20130115d1976 |||y0rusy50 ca
101 0 _arus
102 _aRU
105 _ay z |||||
200 1 _aАктуальные проблемы развития политической экономии социализма в свете решений XXV съезда КПСС
_e[Докл.] для методол. семинара по изучению материалов XXV съезда КПСС
210 _aМосква
_cБ. и.
_d1976
215 _a33 с.
_d20
225 1 _aИнститут экономики АН СССР. Препринт
320 _aБиблиогр.: с. 31-33
700 1 _aМукасьян
_bС. П.
_gСергей Папчанович
801 0 _aRU
_bNLR
_gpsbo
801 1 _aRU
_bELAR
_2rusmarc
852 _aNLR
_j77-4/249
942 _cBOOK
980 _aNB